[Event "8. Open Bali sub-2000"]
[Site "Benidorm ESP"]
[Date "2009.12.03"]
[Round "6.13"]
[White "Kostadinov, Kaloyan"]
[Black "Borja Perez, Jose"]
[Result "1-0"]
[WhiteElo "1979"]
[BlackElo "1949"]
[PlyCount "157"]
[EventDate "2009.11.28"]
[EventType "swiss"]
[EventRounds "10"]
[EventCountry "ESP"]
[Source "lmi"]
[SourceDate "2009.11.28"]

1. b3 e5 2. Bb2 f6 3. e3 d5 4. Nf3 Bd6 5. d4 e4 6. Nfd2 Ne7 7. c4 c6 8. Nc3 O-O
9. a3 f5 10. g3 Nd7 11. h4 Nf6 12. Ne2 Ng4 13. Nf4 Bxf4 14. gxf4 h5 15. Qe2 Qa5
16. b4 Qc7 17. f3 Nf6 18. c5 Bd7 19. Bc3 Ng6 20. O-O-O b6 21. Qg2 Ne7 22. Rg1
Rf7 23. Be2 exf3 24. Nxf3 Ng4 25. Kd2 Ng6 26. Ne5 N6xe5 27. fxe5 Be6 28. Qg3
Qe7 29. Rgf1 b5 30. Ra1 Raf8 31. Rf4 g5 32. hxg5 Qxg5 33. Rh1 Rh7 34. Rh4 Qg6
35. Qh3 Qg5 36. Bf1 Rff7 37. Ke2 Rfg7 38. Be1 Qg6 39. Qh1 a6 40. Kd2 Qe8 41.
Bd3 Qg6 42. Rf3 Rf7 43. Ke2 Qg5 44. Qf1 Rhg7 45. Qh1 Rh7 46. Bd2 Rh8 47. Be1
Rfh7 48. Bg3 Qg6 49. Qf1 Rf7 50. Qh1 Rfh7 51. Rh3 Rf7 52. Bh4 Kf8 53. Rf1 Qh6
54. Rhf3 Rg8 55. Rf4 Ke8 56. Qh3 Rgf8 57. R1f3 Qg6 58. Qh1 Kd7 59. Qa1 a5 60.
a4 bxa4 61. Qxa4 Rb8 62. Qxa5 Ke8 63. b5 cxb5 64. Bxb5+ Kf8 65. c6 Qh7 66. Ba6
Ra7 67. Qc5+ Kg8 68. Qd6 Re8 69. Bb7 Rxb7 70. cxb7 Qxb7 71. Kf1 Qb1+ 72. Kg2
Qc2+ 73. Bf2 Qb3 74. Rh3 Qd1 75. Rff3 Kg7 76. Rxh5 Kg6 77. Rhxf5 Qc2 78. Rf8
Qe4 79. Rxe8 1-0

[Event "8. Open Bali sub-2000"]
[Site "Benidorm ESP"]
[Date "2009.12.03"]
[Round "6.14"]
[White "Sanz Garcia, Roberto"]
[Black "Perez Garcia, Juan Angel"]
[Result "1-0"]
[WhiteElo "1944"]
[BlackElo "1978"]
[PlyCount "75"]
[EventDate "2009.11.28"]
[EventType "swiss"]
[EventRounds "10"]
[EventCountry "ESP"]
[Source "lmi"]
[SourceDate "2009.11.28"]

1. e4 e5 2. Nf3 Nc6 3. Bc4 Bc5 4. c3 Nf6 5. d3 d6 6. b4 Bb6 7. Qb3 O-O 8. Bg5
h6 9. Bh4 Qe7 10. Nbd2 Nd8 11. a4 a5 12. d4 exd4 13. Nxd4 g5 14. Bg3 Nxe4 15.
O-O-O Nxd2 16. Rxd2 axb4 17. cxb4 Qf6 18. Nc2 Be6 19. a5 Ba7 20. h4 g4 21. Re1
h5 22. f3 Bf5 23. Rd5 Ne6 24. fxg4 Bxg4 25. Rf1 Qh6+ 26. Bf4 Nxf4 27. Rg5+ Ng6
28. Bxf7+ Kh8 29. Rf6 Qxg5+ 30. hxg5 Ne5 31. Bxh5 Rxf6 32. gxf6 Bf5 33. Qg3
Nd3+ 34. Kd2 Rg8 35. Qh2 Bg1 36. Qxg1 Nf4 37. Bf3 Ne6 38. Qh2+ 1-0

[Event "8. Open Bali sub-2000"]
[Site "Benidorm ESP"]
[Date "2009.12.03"]
[Round "6.15"]
[White "Fernandez Rubio, Rafael"]
[Black "Blanco, Juan"]
[Result "0-1"]
[WhiteElo "1977"]
[BlackElo "1941"]
[PlyCount "99"]
[EventDate "2009.11.28"]
[EventType "swiss"]
[EventRounds "10"]
[EventCountry "ESP"]
[Source "lmi"]
[SourceDate "2009.11.28"]

1. e4 c5 2. Nf3 d6 3. d4 cxd4 4. Qxd4 Nc6 5. Bb5 Bd7 6. Bxc6 Bxc6 7. Nc3 e6 8.
Bg5 Qa5 9. O-O Nf6 10. Rfe1 Be7 11. Rad1 O-O 12. Bd2 Qc7 13. Qd3 a6 14. Nd4 Bd7
15. Qg3 Kh8 16. Kh1 Qc4 17. Be3 Rfd8 18. f3 b5 19. Nb3 Qc7 20. Rd2 b4 21. Ne2
e5 22. Qf2 Rab8 23. g4 Be6 24. g5 Nd7 25. f4 exf4 26. Nxf4 Bxb3 27. axb3 Bxg5
28. Rg1 Bxf4 29. Qxf4 Ne5 30. Rdg2 Ng6 31. Qf2 Qe7 32. Rg4 Rb5 33. Bg5 f6 34.
Bd2 Re5 35. Qf3 a5 36. Bf4 Nxf4 37. Qxf4 g6 38. Rf1 Kg7 39. Kg2 Re8 40. h4 Rxe4
41. Qg3 Rxg4 42. Qxg4 Qe2+ 43. Qxe2 Rxe2+ 44. Kf3 Rxc2 45. Ra1 Rxb2 46. Rxa5
Rxb3+ 47. Kg4 h5+ 48. Kf4 Rb1 49. Rd5 b3 50. Rxd6 0-1

[Event "8. Open Bali sub-2000"]
[Site "Benidorm ESP"]
[Date "2009.12.03"]
[Round "6.24"]
[White "Zamora Soler, Raul"]
[Black "Berenguer Martinez, Cruz Manuel"]
[Result "1-0"]
[WhiteElo "1988"]
[BlackElo "1910"]
[PlyCount "59"]
[EventDate "2009.11.28"]
[EventType "swiss"]
[EventRounds "10"]
[EventCountry "ESP"]
[Source "lmi"]
[SourceDate "2009.11.28"]

1. e4 c5 2. Nf3 Nc6 3. d4 cxd4 4. Nxd4 d6 5. Nc3 Nf6 6. f3 Bd7 7. Be3 a6 8. Qd2
g6 9. Nd5 Bg7 10. Nxc6 Bxc6 11. Bb6 Qc8 12. Nc7+ Kf8 13. Nxa8 Qxa8 14. c3 h5
15. Be2 Qc8 16. Bd4 Kg8 17. e5 dxe5 18. Bxe5 Kh7 19. Rd1 Re8 20. O-O Qe6 21.
Qd4 Bh6 22. Bc4 Be3+ 23. Qxe3 Qxc4 24. Bxf6 exf6 25. Qd4 Qxa2 26. Qxf6 Qxb2 27.
Qxf7+ Kh6 28. Rd6 Qc2 29. Rxc6 Re2 30. Qf4+ 1-0

[Event "8. Open Bali sub-2000"]
[Site "Benidorm ESP"]
[Date "2009.12.03"]
[Round "6.31"]
[White "Navarro Martinez, Daniel"]
[Black "Moya Pol, Antonio"]
[Result "1-0"]
[WhiteElo "1974"]
[BlackElo "1865"]
[PlyCount "73"]
[EventDate "2009.11.28"]
[EventType "swiss"]
[EventRounds "10"]
[EventCountry "ESP"]
[Source "lmi"]
[SourceDate "2009.11.28"]

1. e4 c5 2. Nf3 d6 3. d4 cxd4 4. Nxd4 Nf6 5. Nc3 a6 6. Bg5 e6 7. f4 b5 8. e5
dxe5 9. fxe5 Qc7 10. Nf3 Nfd7 11. Ne4 Nc6 12. Nd6+ Bxd6 13. Qxd6 Qxd6 14. exd6
O-O 15. O-O-O f6 16. Be3 Bb7 17. c4 b4 18. Rg1 Rac8 19. b3 a5 20. g3 a4 21. Bg2
axb3 22. axb3 Ra8 23. Nd4 Nxd4 24. Bxd4 Bxg2 25. Rxg2 e5 26. Bb2 Ra5 27. Kc2
Rfa8 28. Rgd2 Rc5 29. Rd5 Raa5 30. Rxc5 Rxc5 31. Bc1 Rc6 32. Rd5 Kf7 33. Bd2
Rb6 34. c5 Rb5 35. Bxb4 Rxb4 36. c6 Ke8 37. c7 1-0

[Event "8. Open Bali sub-2000"]
[Site "Benidorm ESP"]
[Date "2009.12.03"]
[Round "6.44"]
[White "Torras Campdelacreu, Xavier"]
[Black "Albuixec Sanz, Jorge"]
[Result "1-0"]
[WhiteElo "1962"]
[BlackElo "1856"]
[PlyCount "41"]
[EventDate "2009.11.28"]
[EventType "swiss"]
[EventRounds "10"]
[EventCountry "ESP"]
[Source "lmi"]
[SourceDate "2009.11.28"]

1. e4 e5 2. d4 exd4 3. Qxd4 d6 4. Nc3 Nc6 5. Qe3 Nf6 6. Bd2 Be7 7. O-O-O O-O 8.
Bc4 Ng4 9. Qe1 Nge5 10. Bd5 Re8 11. f3 a5 12. h4 Nb4 13. Qg3 c6 14. Bh6 Bf6 15.
a3 cxd5 16. axb4 axb4 17. Nxd5 Ra1+ 18. Kd2 Rxd1+ 19. Kxd1 Be6 20. Nxf6+ Qxf6
21. Bg5 1-0

[Event "8. Open Bali sub-2000"]
[Site "Benidorm ESP"]
[Date "2009.12.03"]
[Round "6.75"]
[White "Santos Izquierdo, Carlos"]
[Black "Vieito Soria, Luis Maria"]
[Result "0-1"]
[WhiteElo "1798"]
[BlackElo "1908"]
[PlyCount "50"]
[EventDate "2009.11.28"]
[EventType "swiss"]
[EventRounds "10"]
[EventCountry "ESP"]
[Source "lmi"]
[SourceDate "2009.11.28"]

1. c4 e5 2. g3 Nc6 3. Bg2 Nf6 4. Nc3 Bc5 5. Nf3 O-O 6. O-O d6 7. a3 a5 8. d3 h6
9. h3 Bf5 10. Kh2 e4 11. Nh4 Bh7 12. Nxe4 Nxe4 13. dxe4 Ne5 14. b3 Qf6 15. Bf4
Nxc4 16. bxc4 g5 17. Bxg5 hxg5 18. Nf5 Bxf5 19. exf5 Qxf5 20. Bxb7 Rab8 21. Bf3
Kg7 22. Qd2 Rh8 23. Bg2 f6 24. Rh1 Rxh3+ 25. Bxh3 Qxf2+ 0-1

[Event "8. Open Bali sub-2000"]
[Site "Benidorm ESP"]
[Date "2009.12.04"]
[Round "7.3"]
[White "Patino Andreu, Ramon"]
[Black "Kolev, Vasil"]
[Result "0-1"]
[WhiteElo "1992"]
[BlackElo "1996"]
[PlyCount "70"]
[EventDate "2009.11.28"]
[EventType "swiss"]
[EventRounds "10"]
[EventCountry "ESP"]
[Source "lmi"]
[SourceDate "2009.11.28"]

1. e4 c5 2. Nc3 d6 3. f4 g6 4. Nf3 Bg7 5. Bc4 e6 6. d3 Ne7 7. O-O Nbc6 8. a4
O-O 9. Bd2 Nd4 10. Nxd4 cxd4 11. Ne2 Bd7 12. Qe1 d5 13. exd5 Nxd5 14. a5 Bc6
15. Qg3 Qd6 16. c3 dxc3 17. bxc3 b5 18. Bxd5 Qxd5 19. d4 Rfd8 20. Be3 a6 21.
Rf2 Rac8 22. Raf1 Ba8 23. f5 exf5 24. Nf4 Qd6 25. Bd2 b4 26. Ne2 Qxg3 27. hxg3
bxc3 28. Bxc3 Rxc3 29. Nxc3 Bxd4 30. Kh2 Bxc3 31. g4 Be4 32. gxf5 Bxf5 33. g4
Be5+ 34. Kh3 Be6 35. Kh4 Rd4 0-1

[Event "8. Open Bali sub-2000"]
[Site "Benidorm ESP"]
[Date "2009.12.04"]
[Round "7.4"]
[White "Sanchez Lopez, Diego"]
[Black "Bote Kobolo, Benjamin"]
[Result "0-1"]
[WhiteElo "1990"]
[BlackElo "1952"]
[PlyCount "74"]
[EventDate "2009.11.28"]
[EventType "swiss"]
[EventRounds "10"]
[EventCountry "ESP"]
[Source "lmi"]
[SourceDate "2009.11.28"]

1. d4 Nf6 2. Nf3 d5 3. c3 e6 4. Bg5 Nbd7 5. e3 h6 6. Bh4 c5 7. Nbd2 Qb6 8. Rb1
Bd6 9. Bd3 a6 10. O-O O-O 11. Re1 Qc7 12. Bc2 b5 13. Bg3 Bxg3 14. hxg3 Bb7 15.
e4 dxe4 16. Nxe4 Nxe4 17. Bxe4 Bxe4 18. Rxe4 Nf6 19. Rh4 Rfd8 20. Qe2 cxd4 21.
Nxd4 Qb6 22. Qf3 Rd5 23. Re1 Rad8 24. Rh3 h5 25. Qf4 e5 26. Rxe5 Rxe5 27. Qxe5
Re8 28. Qxe8+ Nxe8 29. Rxh5 Qg6 30. Re5 Qb1+ 31. Kh2 Nf6 32. Re2 Ng4+ 33. Kh3
Qg6 34. Nf3 Qh5+ 35. Nh4 g5 36. Re8+ Kg7 37. f3 Nf2+ 0-1

[Event "8. Open Bali sub-2000"]
[Site "Benidorm ESP"]
[Date "2009.12.04"]
[Round "7.5"]
[White "Munuera Sanchez, Jorge Juan"]
[Black "Sanz Garcia, Roberto"]
[Result "1-0"]
[WhiteElo "1985"]
[BlackElo "1944"]
[PlyCount "65"]
[EventDate "2009.11.28"]
[EventType "swiss"]
[EventRounds "10"]
[EventCountry "ESP"]
[Source "lmi"]
[SourceDate "2009.11.28"]

1. e4 c5 2. Nc3 Nc6 3. f4 g6 4. Nf3 Bg7 5. Bb5 e6 6. Bxc6 bxc6 7. d3 Ne7 8. O-O
d5 9. e5 Nf5 10. b3 Ba6 11. Qe1 Rb8 12. Qf2 Bf8 13. Ba3 Qa5 14. Bb2 c4 15. d4
Bb4 16. Ne2 cxb3 17. axb3 Qb6 18. Rfd1 Be7 19. Ba3 Bb5 20. Bc5 Bxc5 21. dxc5
Qc7 22. Ned4 Nxd4 23. Rxd4 a5 24. Qd2 a4 25. c4 dxc4 26. bxc4 Ba6 27. Rxa4 Bb7
28. Ng5 h6 29. Ne4 Ke7 30. Ra7 Ra8 31. Rd7+ Qxd7 32. Rxb7 Rhd8 33. Qd6+ 1-0

[Event "8. Open Bali sub-2000"]
[Site "Benidorm ESP"]
[Date "2009.12.04"]
[Round "7.6"]
[White "Rocher Munoz, Jordi"]
[Black "Kostadinov, Kaloyan"]
[Result "0-1"]
[WhiteElo "1953"]
[BlackElo "1979"]
[PlyCount "151"]
[EventDate "2009.11.28"]
[EventType "swiss"]
[EventRounds "10"]
[EventCountry "ESP"]
[Source "lmi"]
[SourceDate "2009.11.28"]

1. d4 d5 2. Nf3 Nf6 3. e3 e6 4. Bd3 Bd6 5. b3 Nbd7 6. Bb2 b6 7. Nbd2 Bb7 8. O-O
c5 9. Ne5 O-O 10. f4 Ne4 11. Bxe4 dxe4 12. Ndc4 Be7 13. Nxd7 Qxd7 14. dxc5 Qxd1
15. Raxd1 Bxc5 16. Kf2 Rfd8 17. Ba3 Bxa3 18. Nxa3 Kf8 19. Ke2 Ke7 20. Rxd8 Rxd8
21. Rd1 Rxd1 22. Kxd1 Ba6 23. c4 e5 24. fxe5 Ke6 25. Nc2 Kxe5 26. Nd4 Bb7 27.
b4 a6 28. Kd2 f5 29. g3 g5 30. Ne2 Bc6 31. a3 Bd7 32. Kc3 Be8 33. Kc2 Bf7 34.
Kc3 h6 35. a4 Be8 36. b5 axb5 37. cxb5 Bf7 38. Kb4 Bh5 39. Nd4 f4 40. gxf4+
gxf4 41. Nc6+ Kf5 42. Nd4+ Kg4 43. exf4 Kxf4 44. Kc3 Bf7 45. Kd2 Bc4 46. Nc2
Bb3 47. Ne3 Bxa4 48. Nd5+ Kf3 49. Ke1 Bxb5 50. Nxb6 h5 51. Nd5 h4 52. Nf6 Bd3
53. Kd2 Bc4 54. Ke1 e3 55. Nd7 Kg2 56. Ne5 Bb5 57. Ng4 Kf3 58. Ne5+ Ke4 59. Ng4
Ba6 60. Kd1 h3 61. Ke1 Kf4 62. Nf6 Bc4 63. Kd1 Kf3 64. Ke1 Be6 65. Kf1 Bf5 66.
Ke1 Bd3 67. Kd1 Bb5 68. Ke1 Ba6 69. Kd1 Bc8 70. Ke1 Be6 71. Kd1 Kf2 72. Ne4+
Kf1 73. Ng3+ Kg2 74. Ke2 Kxh2 75. Nf1+ Kg1 76. Ng3 0-1

[Event "8. Open Bali sub-2000"]
[Site "Benidorm ESP"]
[Date "2009.12.04"]
[Round "7.8"]
[White "Blanco, Juan"]
[Black "Hall, Rachid"]
[Result "0-1"]
[WhiteElo "1941"]
[BlackElo "1969"]
[PlyCount "114"]
[EventDate "2009.11.28"]
[EventType "swiss"]
[EventRounds "10"]
[EventCountry "ESP"]
[Source "lmi"]
[SourceDate "2009.11.28"]

1. e4 c5 2. Nf3 Nc6 3. d4 cxd4 4. Nxd4 g6 5. Be3 Bg7 6. Nc3 Nf6 7. Bc4 O-O 8.
Bb3 d6 9. f3 Qa5 10. Qd2 Bd7 11. O-O-O Rac8 12. Kb1 Ne5 13. Nd5 Qd8 14. Bh6
Bxh6 15. Qxh6 Nxd5 16. Bxd5 e6 17. Bb3 a5 18. a4 Rc5 19. h4 Qe7 20. g4 b5 21.
axb5 Bxb5 22. Nxb5 Rxb5 23. Qe3 Rfb8 24. Rd4 Qa7 25. Re1 Nxf3 26. Ra4 Qxe3 27.
Rxe3 Nxh4 28. Rg3 g5 29. Rd4 R8b6 30. Rgd3 Rb4 31. Rxd6 Rxd6 32. Rxd6 a4 33.
Ba2 Rxe4 34. Rd1 Rxg4 35. c4 Nf5 36. Rd8+ Kg7 37. Ra8 Nd4 38. Kc1 h5 39. Rxa4
h4 40. Ra3 Kf6 41. Re3 Nc6 42. c5 Ra4 43. Bb3 Ra5 44. Rc3 Ke5 45. Bd1 Kd4 46.
Bf3 Rxc5 47. Bxc6 Rxc3+ 48. bxc3+ Kxc3 49. Kd1 Kd3 50. Ke1 Ke3 51. Kf1 Kf4 52.
Kg2 f5 53. Kh3 e5 54. Bg2 e4 55. Bf1 g4+ 56. Kxh4 Kf3 57. Kg5 Kf2 0-1

[Event "8. Open Bali sub-2000"]
[Site "Benidorm ESP"]
[Date "2009.12.04"]
[Round "7.10"]
[White "Oliva Llorens, Antoni"]
[Black "Delseny, Serge"]
[Result "1/2-1/2"]
[WhiteElo "1973"]
[BlackElo "1998"]
[PlyCount "80"]
[EventDate "2009.11.28"]
[EventType "swiss"]
[EventRounds "10"]
[EventCountry "ESP"]
[Source "lmi"]
[SourceDate "2009.11.28"]

1. e4 c5 2. Nc3 e6 3. g3 Nc6 4. Bg2 Nf6 5. d3 d6 6. f4 Be7 7. Nf3 Qc7 8. O-O a6
9. Kh1 O-O 10. Be3 Rb8 11. Bg1 b5 12. Nh4 b4 13. Ne2 Ne8 14. Nf3 a5 15. g4 g6
16. Rb1 f5 17. gxf5 gxf5 18. Qd2 Ng7 19. Ng3 Bd7 20. Rbe1 Rbe8 21. exf5 exf5
22. Ng5 Nd8 23. Bd5+ Kh8 24. Qg2 Bc6 25. c4 bxc3 26. bxc3 Bxd5 27. Qxd5 h6 28.
Nf3 Qc6 29. Qxc6 Nxc6 30. d4 Kg8 31. Re2 cxd4 32. Bxd4 Nxd4 33. Nxd4 Bf6 34.
Rxe8 Rxe8 35. Ngxf5 Nxf5 36. Nxf5 Bxc3 37. Nxd6 Re2 38. Nb5 Bf6 39. Rg1+ Kf7
40. Rg2 Re1+ 1/2-1/2

[Event "8. Open Bali sub-2000"]
[Site "Benidorm ESP"]
[Date "2009.12.04"]
[Round "7.11"]
[White "Montiel Miguelez, Manuel"]
[Black "Woods, Connor"]
[Result "1-0"]
[WhiteElo "1970"]
[BlackElo "1996"]
[PlyCount "59"]
[EventDate "2009.11.28"]
[EventType "swiss"]
[EventRounds "10"]
[EventCountry "ESP"]
[Source "lmi"]
[SourceDate "2009.11.28"]

1. e4 c5 2. Nf3 d6 3. d4 cxd4 4. Nxd4 Nf6 5. Nc3 g6 6. Be2 Bg7 7. Be3 Nc6 8.
O-O O-O 9. Nb3 Be6 10. f4 Qc8 11. Bf3 Ng4 12. Bxg4 Bxg4 13. Qd2 Be6 14. Nd4 Bc4
15. Rf3 Nxd4 16. Bxd4 e5 17. Be3 exf4 18. Bxf4 d5 19. exd5 Rd8 20. d6 Qc5+ 21.
Kh1 Rac8 22. Rd1 Rc6 23. Ne4 Qb5 24. Bg5 Rd7 25. Nf6+ Bxf6 26. Bxf6 Qh5 27. Re1
Be6 28. Rh3 Rcxd6 29. Qc3 Rc6 30. Qg3 1-0

[Event "8. Open Bali sub-2000"]
[Site "Benidorm ESP"]
[Date "2009.12.04"]
[Round "7.12"]
[White "Trabazos Gallego, Javier"]
[Black "Ferrandiz Iserte, Albert"]
[Result "1/2-1/2"]
[WhiteElo "1969"]
[BlackElo "1990"]
[PlyCount "124"]
[EventDate "2009.11.28"]
[EventType "swiss"]
[EventRounds "10"]
[EventCountry "ESP"]
[Source "lmi"]
[SourceDate "2009.11.28"]

1. d4 f5 2. Bg5 Nf6 3. Bxf6 exf6 4. e3 d5 5. Bd3 Be6 6. c3 Qd7 7. Qc2 Nc6 8.
Ne2 g6 9. Nf4 Bf7 10. Nd2 O-O-O 11. b4 Bd6 12. Ne2 Rde8 13. O-O Ne7 14. a4 g5
15. b5 h5 16. c4 dxc4 17. Bxc4 Bxc4 18. Nxc4 Kb8 19. Rfb1 h4 20. a5 g4 21. b6
cxb6 22. axb6 a6 23. Nxd6 Qxd6 24. Nf4 Qc6 25. Qxc6 Nxc6 26. Nd5 Re6 27. Nc7
Rd6 28. Rb5 f4 29. Rd5 Rxd5 30. Nxd5 fxe3 31. fxe3 Re8 32. Kf2 f5 33. Rc1 Re4
34. Nf6 Re7 35. d5 Ne5 36. Rc3 Rf7 37. Ne8 Rd7 38. Nf6 Rd6 39. Ng8 Rxb6 40. Ne7
Rf6 41. Rc8+ Ka7 42. Rc3 a5 43. Ke2 Ka6 44. Rc5 a4 45. d6 Nd7 46. Rd5 f4 47. e4
Re6 48. Kd3 b5 49. Nc6 g3 50. hxg3 fxg3 51. Nd4 Rh6 52. Rxb5 h3 53. gxh3 g2 54.
Rg5 Rxh3+ 55. Kc4 Rh6 56. Rxg2 Rxd6 57. Ra2 Nb6+ 58. Kc5 Rd8 59. Nc6 Rd1 60.
Nb4+ Ka5 61. Nc6+ Ka6 62. Nb4+ Ka5 1/2-1/2

[Event "8. Open Bali sub-2000"]
[Site "Benidorm ESP"]
[Date "2009.12.04"]
[Round "7.13"]
[White "Palomino Menendez, Salvador"]
[Black "Minko, Janusz"]
[Result "1-0"]
[WhiteElo "1989"]
[BlackElo "1967"]
[PlyCount "61"]
[EventDate "2009.11.28"]
[EventType "swiss"]
[EventRounds "10"]
[EventCountry "ESP"]
[Source "lmi"]
[SourceDate "2009.11.28"]

1. e4 c5 2. Nf3 d6 3. d4 cxd4 4. Nxd4 Nf6 5. Nc3 a6 6. Be3 e6 7. f3 Qc7 8. Qd2
Be7 9. g4 h6 10. O-O-O b5 11. h4 Bb7 12. Bh3 Nc6 13. g5 hxg5 14. hxg5 Nh5 15.
g6 Nxd4 16. Bxd4 b4 17. Ne2 e5 18. gxf7+ Kxf7 19. Be3 a5 20. Bg5 Nf6 21. Ng3
Rad8 22. Bxf6 gxf6 23. Bf5 Rdg8 24. Rxh8 Rxh8 25. Qg2 Qd8 26. Bg6+ Kf8 27. Rh1
Rg8 28. Nf5 Bc8 29. Rh7 Bxf5 30. exf5 Rg7 31. Qh3 1-0

[Event "8. Open Bali sub-2000"]
[Site "Benidorm ESP"]
[Date "2009.12.04"]
[Round "7.14"]
[White "Torino, Caballero Luis"]
[Black "Zamora Soler, Raul"]
[Result "0-1"]
[WhiteElo "1954"]
[BlackElo "1988"]
[PlyCount "88"]
[EventDate "2009.11.28"]
[EventType "swiss"]
[EventRounds "10"]
[EventCountry "ESP"]
[Source "lmi"]
[SourceDate "2009.11.28"]

1. e4 e6 2. d3 c5 3. Nf3 Nc6 4. g3 d6 5. Bg2 Nf6 6. O-O g6 7. Re1 Bg7 8. c3 O-O
9. Nbd2 Qc7 10. a3 Rd8 11. Nf1 b6 12. d4 Bb7 13. Bg5 h6 14. Bd2 Na5 15. Qc2
Bxe4 16. Rxe4 Nxe4 17. Qxe4 Nb3 18. Re1 Nxd2 19. N1xd2 d5 20. Qd3 Rac8 21. Bf1
cxd4 22. cxd4 Qc2 23. Rb1 Qxd3 24. Bxd3 Rc7 25. Kf1 g5 26. h3 Rdc8 27. Nb3 Kf8
28. g4 Ke7 29. Ke2 Kd6 30. Kd2 a5 31. a4 f6 32. Ra1 Rh8 33. Ke2 h5 34. Rg1 hxg4
35. hxg4 Bf8 36. Kd1 Rh3 37. Ke2 Be7 38. Rd1 Rc8 39. Rc1 e5 40. Bf5 Rc4 41. Ra1
e4 42. Nfd2 Rc2 43. Rb1 Rxb3 44. Kd1 Rbxb2 0-1

[Event "8. Open Bali sub-2000"]
[Site "Benidorm ESP"]
[Date "2009.12.04"]
[Round "7.15"]
[White "Cirjan, Daniel"]
[Black "Todic, Simo"]
[Result "1-0"]
[WhiteElo "1981"]
[BlackElo "1846"]
[PlyCount "47"]
[EventDate "2009.11.28"]
[EventType "swiss"]
[EventRounds "10"]
[EventCountry "ESP"]
[Source "lmi"]
[SourceDate "2009.11.28"]

1. d4 Nf6 2. Nf3 e6 3. e3 c5 4. Bd3 Nc6 5. O-O cxd4 6. exd4 d5 7. c3 Bd6 8. Re1
Qc7 9. Bg5 h6 10. Bh4 g5 11. Bg3 Bxg3 12. hxg3 Ng4 13. Nbd2 Bd7 14. a4 a5 15.
Nb3 b6 16. Nbd2 O-O-O 17. Rb1 Qd6 18. b4 axb4 19. Qb3 Na5 20. Qb2 bxc3 21.
Qxc3+ Qc7 22. Qxa5 Bc6 23. Rxb6 Bb7 24. Ba6 1-0

[Event "8. Open Bali sub-2000"]
[Site "Benidorm ESP"]
[Date "2009.12.04"]
[Round "7.26"]
[White "Lopez Heras, Arturo"]
[Black "Zotes Flecha, Luis"]
[Result "1-0"]
[WhiteElo "1979"]
[BlackElo "1922"]
[PlyCount "37"]
[EventDate "2009.11.28"]
[EventType "swiss"]
[EventRounds "10"]
[EventCountry "ESP"]
[Source "lmi"]
[SourceDate "2009.11.28"]

1. e4 g6 2. d4 d6 3. Nc3 Nf6 4. f3 c6 5. Be3 Bg7 6. Qd2 b5 7. Bh6 O-O 8. h4 b4
9. Nd1 Bxh6 10. Qxh6 Qa5 11. Ne3 e5 12. Nc4 Qc7 13. dxe5 dxe5 14. Qg5 Nbd7 15.
h5 Ne8 16. hxg6 fxg6 17. Qe7 Ng7 18. Nd6 Qd8 19. Bc4+ 1-0

[Event "8. Open Bali sub-2000"]
[Site "Benidorm ESP"]
[Date "2009.12.04"]
[Round "7.28"]
[White "Rubio Trigueros, Jose Luis"]
[Black "Fernandez Rubio, Rafael"]
[Result "0-1"]
[WhiteElo "1883"]
[BlackElo "1977"]
[PlyCount "56"]
[EventDate "2009.11.28"]
[EventType "swiss"]
[EventRounds "10"]
[EventCountry "ESP"]
[Source "lmi"]
[SourceDate "2009.11.28"]

1. d4 Nf6 2. c4 g6 3. Nc3 Bg7 4. e4 d6 5. f3 O-O 6. Bg5 Nbd7 7. Nh3 e5 8. d5 a5
9. Qd2 Nc5 10. Nf2 Re8 11. Be2 c6 12. O-O-O Qb6 13. Be3 cxd5 14. Nxd5 Nxd5 15.
Qxd5 Nb3+ 16. axb3 Qxe3+ 17. Rd2 Qxf2 18. Kb1 Bh6 19. Rc2 Qc5 20. Rd1 Qxd5 21.
Rxd5 Bf8 22. Rb5 Re7 23. Rd2 Rc7 24. Bf1 Bd7 25. Rb6 Bc6 26. Be2 Re8 27. b4
axb4 28. Rxb4 d5 0-1

[Event "8. Open Bali sub-2000"]
[Site "Benidorm ESP"]
[Date "2009.12.04"]
[Round "7.38"]
[White "Vieito Soria, Luis Maria"]
[Black "Garrido Fernandez, Javier"]
[Result "1-0"]
[WhiteElo "1908"]
[BlackElo "1996"]
[PlyCount "77"]
[EventDate "2009.11.28"]
[EventType "swiss"]
[EventRounds "10"]
[EventCountry "ESP"]
[Source "lmi"]
[SourceDate "2009.11.28"]

1. Nf3 Nf6 2. g3 g6 3. Bg2 Bg7 4. O-O d5 5. d3 O-O 6. Nbd2 Nbd7 7. Re1 e5 8. e4
d4 9. Nc4 Re8 10. Nh4 b5 11. Na3 Rb8 12. f4 a6 13. f5 Nb6 14. Qf3 b4 15. Nb1 c5
16. a3 a5 17. axb4 axb4 18. Rf1 c4 19. g4 Qc7 20. Bg5 Nbd7 21. Bxf6 Nxf6 22.
Nd2 c3 23. bxc3 bxc3 24. Nc4 g5 25. Ra5 gxh4 26. g5 Nd7 27. Rd5 Nb6 28. Nd6 Rf8
29. f6 Bh8 30. Nb5 Qc6 31. Rxe5 Ba6 32. Nxd4 Qc7 33. Nf5 Rfe8 34. Ne7+ Rxe7 35.
fxe7 f6 36. e8=Q+ Rxe8 37. Rxe8+ Kf7 38. Qh5+ Kg7 39. gxf6# 1-0

[Event "8. Open Bali sub-2000"]
[Site "Benidorm ESP"]
[Date "2009.12.04"]
[Round "7.44"]
[White "Fuset Torralba, Jose Luis"]
[Black "Olias Munoz, Francisco"]
[Result "0-1"]
[WhiteElo "1873"]
[BlackElo "1962"]
[PlyCount "36"]
[EventDate "2009.11.28"]
[EventType "swiss"]
[EventRounds "10"]
[EventCountry "ESP"]
[Source "lmi"]
[SourceDate "2009.11.28"]

1. e4 c5 2. Nf3 d6 3. d4 cxd4 4. Nxd4 Nf6 5. Nc3 g6 6. Be3 Bg7 7. f3 O-O 8. Qd2
Nc6 9. O-O-O d5 10. Nxc6 bxc6 11. exd5 Nxd5 12. Nxd5 cxd5 13. Qxd5 Qc7 14. Qxa8
Bf5 15. Qxf8+ Kxf8 16. c4 h5 17. Bd4 Qf4+ 18. Rd2 Bxd4 0-1

[Event "8. Open Bali sub-2000"]
[Site "Benidorm ESP"]
[Date "2009.12.04"]
[Round "7.93"]
[White "Velasco Gomez, Esperanza"]
[Black "Tome Salvador, Jose Antonio"]
[Result "1-0"]
[WhiteElo "1846"]
[BlackElo "1718"]
[PlyCount "41"]
[EventDate "2009.11.28"]
[EventType "swiss"]
[EventRounds "10"]
[EventCountry "ESP"]
[Source "lmi"]
[SourceDate "2009.11.28"]

1. e4 e5 2. Nf3 Nc6 3. Bb5 d6 4. O-O Bd7 5. c3 Nf6 6. Re1 Be7 7. h3 a6 8. Ba4
O-O 9. d4 exd4 10. cxd4 Re8 11. a3 d5 12. e5 Ne4 13. Nc3 Nxc3 14. bxc3 Na5 15.
Bc2 Nc4 16. Nd2 Nxd2 17. Bxd2 b5 18. f4 Qc8 19. Qf3 c5 20. f5 Qc6 21. f6 1-0

[Event "8. Open Bali sub-2000"]
[Site "Benidorm ESP"]
[Date "2009.12.05"]
[Round "8.2"]
[White "Hall, Rachid"]
[Black "Hoffmann, Roger"]
[Result "0-1"]
[WhiteElo "1969"]
[BlackElo "1998"]
[PlyCount "128"]
[EventDate "2009.11.28"]
[EventType "swiss"]
[EventRounds "10"]
[EventCountry "ESP"]
[Source "lmi"]
[SourceDate "2009.11.28"]

1. Nf3 Nf6 2. d4 d5 3. c4 c6 4. Nc3 e6 5. Bf4 dxc4 6. Bxb8 Rxb8 7. Ne5 Nd5 8.
e4 Nb4 9. Rc1 Nd3+ 10. Bxd3 cxd3 11. Qxd3 f6 12. Nc4 b5 13. Qg3 Rb7 14. Nd2
Qxd4 15. Nb3 Qd8 16. O-O Bd6 17. Qf3 e5 18. Rfd1 Rd7 19. Qh5+ g6 20. Qh6 Kf7
21. h4 a6 22. Ne2 Bf8 23. Rxd7+ Qxd7 24. Qe3 Be7 25. Qb6 Bd8 26. Qe3 Be7 27.
Nc3 Qb7 28. Na5 Qd7 29. a3 Qd4 30. Qe2 Qb6 31. b4 Be6 32. Nd1 Rc8 33. Ne3 c5
34. Nd5 Bxd5 35. exd5 Rd8 36. Qe4 cxb4 37. axb4 Qd4 38. Qxd4 exd4 39. Rc7 Ke8
40. Nc6 Rd7 41. Rc8+ Kf7 42. Nxd4 Bxb4 43. Nc6 a5 44. Nd8+ Ke7 45. Nc6+ Kd6 46.
Nd4 Kxd5 47. Nxb5 Re7 48. g3 Rb7 49. Rd8+ Kc4 50. Nd4 a4 51. Nc2 Kb3 52. Nd4+
Kb2 53. Rc8 Bc3 54. Ne2 Rb3 55. Ra8 a3 56. Kf1 a2 57. Nc1 Kxc1 58. Rxa2 Rb7 59.
Ra8 Kc2 60. Ke2 Re7+ 61. Kf3 Kd3 62. Ra4 Be5 63. g4 Rc7 64. Kg2 Rc4 0-1